logo

Bir Sreshtho Munshi Abdur Rouf Library
Jhenaidah Cadet College

The letters of William Morris to his family and friends / (Record no. 9128)

MARC details
000 -LEADER
fixed length control field 01315cam a2200361 i 4500
001 - CONTROL NUMBER
JCCL Control Number 9128
003 - CONTROL NUMBER IDENTIFIER
JCCL marc code BD-JhCC
005 - DATE AND TIME OF LATEST TRANSACTION
control field 20180308192854.0
008 - FIXED-LENGTH DATA ELEMENTS--GENERAL INFORMATION
fixed length control field 771103r19781950nyuaf 001 0aeng
020 ## - INTERNATIONAL STANDARD BOOK NUMBER
International Standard Book Number 0404147119
035 ## - SYSTEM CONTROL NUMBER
system control number (BD-JhCC)9128
040 ## - CATALOGING SOURCE
Original cataloging agency DLC
Transcribing agency DLC
Modifying agency DLC
-- BD-JhCC
041 ## - LANGUAGE CODE
Language code of Book eng
050 00 - LIBRARY OF CONGRESS CALL NUMBER
Classification number PR5083
Item number .A4 1978.
082 00 - DEWEY DECIMAL CLASSIFICATION NUMBER
Classification number 821/.8
-- B
Author mark and Year mor 1978
100 1# - MAIN ENTRY--PERSONAL NAME
Personal name Morris, William,
Dates associated with a name 1834-1896.
245 14 - TITLE STATEMENT
Title The letters of William Morris to his family and friends /
Statement of responsibility, etc edited with introd. and notes by Philip Henderson.
260 ## - PUBLICATION, DISTRIBUTION, ETC. (IMPRINT)
Place of publication, distribution, etc New York :
Name of publisher, distributor, etc AMS Press,
Date of publication, distribution, etc 1978.
300 ## - PHYSICAL DESCRIPTION
Pagination lxvii, 406 p., [3] leaves of plates :
Other physical details ill. ;
Dimensions 23 cm.
500 ## - GENERAL NOTE
General note Reprint of the 1950 ed. published by Longmans, Green, London.
500 ## - GENERAL NOTE
General note Includes indexes.
600 10 - SUBJECT ADDED ENTRY--PERSONAL NAME
Personal name Morris, William,
Dates associated with a name 1834-1896
General subdivision Correspondence.
650 #0 - SUBJECT ADDED ENTRY--TOPICAL TERM
Topical term or geographic name as entry element Medievalism
Geographic subdivision England
General subdivision History
Chronological subdivision 19th century
General subdivision Sources.
650 #0 - SUBJECT ADDED ENTRY--TOPICAL TERM
Topical term or geographic name as entry element Authors, English
Chronological subdivision 19th century
General subdivision Correspondence.
650 #0 - SUBJECT ADDED ENTRY--TOPICAL TERM
Topical term or geographic name as entry element Medievalists
Geographic subdivision Great Britain
General subdivision Correspondence.
650 #0 - SUBJECT ADDED ENTRY--TOPICAL TERM
Topical term or geographic name as entry element Socialists
Geographic subdivision Great Britain
General subdivision Correspondence.
650 #0 - SUBJECT ADDED ENTRY--TOPICAL TERM
Topical term or geographic name as entry element Designers
Geographic subdivision Great Britain
General subdivision Correspondence.
650 #0 - SUBJECT ADDED ENTRY--TOPICAL TERM
Topical term or geographic name as entry element Middle Ages in literature
General subdivision Sources.
650 #0 - SUBJECT ADDED ENTRY--TOPICAL TERM
Topical term or geographic name as entry element Middle Ages in art
General subdivision Sources.
700 1# - ADDED ENTRY--PERSONAL NAME
Personal name Henderson, Philip,
Dates associated with a name 1906-
942 ## - ADDED ENTRY ELEMENTS (KOHA)
Source of classification or shelving scheme Dewey Decimal Classification
Koha item type Books
Holdings
Source of classification or shelving scheme Damaged status Not for loan Home library Current library Shelving location Total Checkouts Full call number Barcode Date last seen Copy number Koha item type
Dewey Decimal Classification     JCC Rouf Library JCC Rouf Library General Stacks   821/.8 mor 1978 12180 03/08/2018 C - 1 Books

JCC Library | Contacts | JCC Home

Last Update on 23 September 2017
Copyright @ 2017-2020 JCC Rouf Library
Rouf Library, Jhenidah Cadet College (JCC), Bangladesh